Statistics for Countries Ending With Two Consonants

Click here to take the quiz!

General Stats

  • This quiz has been taken 5,806 times
  • The average score is 7 of 15

Answer Stats

Answer % Correct
New Zealand
69%
Finland
67%
Iceland
65%
Ireland
63%
Denmark
60%
Poland
56%
Egypt
55%
Thailand
50%
Netherlands
49%
Switzerland
48%
Luxembourg
39%
Swaziland
39%
Bangladesh
31%
Solomon Islands
26%
Marshall Islands
25%

Score Distribution

Percentile by Number Answered

Percent of People with Each Score

Your Score History

You have not taken this quiz